| 000 | 02512cam a22004934i 4500 | ||
|---|---|---|---|
| 003 | PE-LiUPU | ||
| 005 | 20250731172905.0 | ||
| 008 | 150623s r 000 0 d | ||
| 020 | _a080103339X | ||
| 020 | _a9780801033391 | ||
| 035 | _a(Sirsi) a166458 | ||
| 040 |
_aPE-LiUPU _bspa _cPE-LiUPU _erda |
||
| 049 | _aPRUA | ||
| 082 | 0 | 4 |
_a227.607 _bP26 _223 |
| 100 | 1 |
_aThompson, James, _d1942-, _eautor. |
|
| 245 | 0 | 0 |
_aPhilippians and Philemon / _cJames W. Thompson and Bruce W. Longenecker. |
| 264 | 1 |
_aGrand Rapids, MI : _bBaker Academic, a division of Baker Publishing Group, _c2016. |
|
| 300 |
_axv, 223 páginas : _bilustraciones ; _c23 centímetros. |
||
| 336 |
_atext _2rdacontent |
||
| 337 |
_aunmediated _2rdamedia |
||
| 338 |
_avolume _2rdacarrier |
||
| 490 | 0 | _aPaideia: commentaries on the New Testament | |
| 504 | _aIncluye bibliografía. | ||
| 505 | 0 | _aPHILIPPIANS / James W. Thompson. Introduction to Philippians. Philippians 1:1-11: Part 1, Exordium: Thanksgiving and Prayer for Moral Formation -- Philippians 1:12-26: Part 2, Narratio: The Present and Future Advance of the Gospel -- Philippians 1:27-30: Part 3, Propositio: Citizens United in an Alternative Commonwealth -- Philippians 2:1-4:1: Part 4, Probatio: Examples of Faithful Living -- Philippians 2:1-11: The Ultimate Example -- Philippians 2:12-18: Following the Example of Christ -- Philippians 2:19-30: The Examples of Timothy and Epaphroditus -- Philippians 3:1-4:1: The Example of Paul -- Philippians 4:2-23: Part 5, Peroratio: Summarizing the Case. | |
| 505 | 0 | _aPHILEMON / Bruce W. Longenecker. Introduction to Philemon. Philemon 1-3: Setting the Scene, Part 1 -- Philemon 4-7: Philemon's Character, as Illustrated by His Past Actions -- Philemon 8-16: Setting the Scene, Part 2 -- Philemon 17-22: Living Up to the Character -- Philemon 23-25: Final Greetings. | |
| 526 | _aSEG42 | ||
| 526 | _aSEG41 | ||
| 526 | _aSEG40 | ||
| 526 | _aSEG39 | ||
| 526 | _aP94 | ||
| 526 | _aP87 | ||
| 526 | _aP86 | ||
| 526 | _aP85 | ||
| 526 | _aP77 | ||
| 526 | _aP76 | ||
| 526 | _aP35 | ||
| 650 | 0 | 4 |
_aBiblia. _pFilemon _vComentarios. |
| 650 | 0 | 4 |
_aBiblia. _pFilepenses _vComentarios. |
| 942 |
_2ddc _cBOOK |
||
| 994 |
_aC0 _bPEPRU |
||
| 596 | _a1 | ||
| 999 |
_a227.607 P26 _wLC _c15197 _i75251 _f2021-11-9 _g5 _lCCODEBUL1 _mBUL _r0 _sY _tBOOK _u2017-1-24 _xTEOLOGIA _PP85 _0COMPRA _o.STAFF. Colección Teología _d15197 |
||
| 980 |
_81 _gALBERTO SANCHEZ Responsable de Automatización |
||